000 00987cam a2200217 4500
001 X125428
008 040316n1970 000 0 eng u
035 _a(Sirsi) u125428
245 4 _aThe RICS after unification
260 _c1970
490 _aChartered Surveyor
_v103 July 1970, 1-7(8)
520 _aReports on the merger of the Chartered Land Agents' Society (CLAS) and Chartered Auctioneers' and Estate Agents' Institute (CAEAI) with the RICS on 8 June 1970. Includes extract from letter to Her Majesty the Queen and her reply to the President following unification. Address from RICS President E J Battersby and Secretary Robert Steel. Brief history of the RICS, CLAS and CAEAI.
650 _aRICS
650 _aCHARTERED LAND AGENTS' SOCIETY
650 _aCHARTERED AUCTIONEERS' AND ESTATE AGENTS' INSTITUTE
650 _aHISTORY
650 _aMERGERS
650 _aPROFESSIONAL BODIES
690 _aMANAGEMENT-BUSINESS MANAGEMENT-PROFESSIONAL PRACTICE
942 _n0
999 _c74270
_d74270